| 000 | 00434nam a22001697a 4500 | ||
|---|---|---|---|
| 003 | MACL | ||
| 005 | 20160221112700.0 | ||
| 008 | 160221b xxu||||| |||| 00| 0 eng d | ||
| 040 | _cMACL | ||
| 041 | _aEnglish | ||
| 082 | _a620/MAN | ||
| 100 |
_aMande B.S _939336 |
||
| 245 |
_aLinear Control Systems _bWith Matlab Applications |
||
| 260 |
_aNew Delhi _bKhanna Publishers _c2012 |
||
| 650 |
_aEngineering _939337 |
||
| 942 |
_2ddc _cBK |
||
| 999 |
_c53366 _d53366 |
||